00419pab a2200121 454500008004000000100002200040245015100062260000900213300001400222362000800236650002700244773002600271180718b2009 xxu||||| |||| 00| 0 eng d aKonar, Arup Kanti aNew derivation of samuelson's (1947) utility possibility curve by analogy of Konar's (2006) diagram for the contribution to economic (s) education c2009 ap.435-42. aDec aEconomics of education aAsian Economic Review